El becerro de oro (Record no. 157087)

MARC details
000 -LEADER
campo de control de longitud fija 00998nam a2200193 i 4500
001 - NÚMERO DE CONTROL
campo de control 157087
003 - IDENTIFICADOR DE NÚMERO DE CONTROL
campo de control ES-MaACL
005 - FECHA Y HORA DE LA ÚLTIMA TRANSACCIÓN
campo de control 20250824063049.0
008 - DATOS DE LONGITUD FIJA--INFORMACIÓN GENERAL
campo de control de longitud fija 000706s1869 sp |||| | spa d
100 1# - ENTRADA PRINCIPAL--NOMBRE DE PERSONA
Nombre de persona Larra y Wetoret, Luis Mariano de,
Fechas asociadas al nombre 1830-1901
9 (RLIN) 70289
245 13 - MENCIÓN DEL TÍTULO
Título El becerro de oro
Resto del título : comedia en tres actos y en verso /
Mención de responsabilidad, etc. por Luis Mariano de Larra.
260 ## - PUBLICACIÓN, DISTRIBUCIÓN, ETC.
Lugar de publicación, distribución, etc. Madrid :
Nombre del editor, distribuidor, etc. [s.n.],
Fecha de publicación, distribución, etc. 1869 (
Fabricante Imp. de José Rodríguez)
300 ## - DESCRIPCIÓN FÍSICA
Extensión 87 p. ;
Dimensiones 19 cm.
500 ## - NOTA GENERAL
Nota general En port.: Estrenada en el Teatro de Lope de Rueda, para inaugurar la temporada, el día 29 de octubre de 1869.
530 ## - NOTA DISPONIBLE DE FORMULARIO FÍSICO ADICIONAL
Nota de formato físico adicional disponible Disponible en formato digital.
852 ## - LOCALIZACIÓN
Ubicación ES-MaACL
Número de control de estantería F-8610(4)
Nota libre - Enc. pasta española
-- . - Ex-libris ms. de Gustavo Saenz Diez, 1877
condición física - Falto de cub. original
Nota libre - Enc. en un vol. facticio formando parte de la col. facticia "Teatro español moderno", v. 65
856 ## - LOCALIZACIÓN Y ACCESO ELECTRÓNICOS
Identificador Uniforme de Recursos <a href="https://archive.org/details/elbecerrodeoroco2899larr/page/n3 ">https://archive.org/details/elbecerrodeoroco2899larr/page/n3 </a>
Nota pública Internet Archive
Holdings
Estatus retirado Estado de pérdida Estado de daño No para préstamo Colección Biblioteca de origen Biblioteca actual Ubicación en estantería Fecha de adquisición Total de préstamos Signatura topográfica completa Código de barras Visto por última vez Precio de reemplazo Tipo de ítem Koha
        Colección digital Biblioteca del Ateneo de Madrid Biblioteca del Ateneo de Madrid Sala Pecera Planta 2 17/01/2008   F-8610(4) 1164358 23/02/2023 23/02/2023 Libro impreso antiguo